[Event "Budapest FS07 GM"]
[Site "Budapest"]
[Date "2017.07.04"]
[Round "4"]
[White "Li, Bo"]
[Black "Ludwig, John Gabriel"]
[Result "1/2-1/2"]
[WhiteElo "2346"]
[BlackElo "2386"]
[PlyCount "137"]
[EventDate "2017.07.01"]
[EventType "tourn"]
[EventRounds "9"]
[EventCountry "HUN"]
[EventCategory "6"]
[SourceTitle "EXT 2018"]
[Source "ChessBase"]
[SourceDate "2017.10.13"]
[SourceVersion "1"]
[SourceVersionDate "2017.10.13"]
[SourceQuality "1"]

1. d4 Nf6 2. c4 c5 3. Nf3 e6 4. Nc3 cxd4 5. Nxd4 Nc6 6. Ndb5 d5 7. cxd5 Nxd5 8. e4 Nxc3 9. Qxd8+ Kxd8 10. Nxc3 Bc5 11. Bg5+ f6 12. Bh4 Ke7 13. Bb5 Rd8 14. Rd1 Rxd1+ 15. Kxd1 Bd7 16. f3 Bd4 17. Rf1 Rd8 18. Bf2 Bxc3 19. bxc3 Na5 20. Bxd7 Rxd7+ 21. Kc2 b6 22. Be3 Nc4 23. Bc1 Kd8 24. h4 Kc7 25. h5 Kc6 26. g4 Kc5 27. f4 g6 28. Rh1 f5 29. hxg6 hxg6 30. gxf5 gxf5 31. Rh5 Rf7 32. a4 Kc6 33. Kd3 Nd6 34. e5 Ne4 35. Rh6 Nc5+ 36. Kc4 a6 37. Ba3 b5+ 38. Kd4 Nb3+ 39. Kd3 Kd5 40. axb5 axb5 41. Rh8 Nc5+ 42. Bxc5 Kxc5 43. Rc8+ Kd5 44. Rd8+ Kc5 45. Rd6 Re7 46. Kd2 Re8 47. Kc2 Re7 48. Kb3 Re8 49. Rd7 Rc8 50. Rd6 Rc6 51. Rd8 Kb6 52. Re8 Kc5 53. Rb8 Rc7 54. Ra8 Kd5 55. Rd8+ Ke4 56. Rd4+ Ke3 57. Rb4 Rc5 58. Kc2 Rc4 59. Rxb5 Kxf4 60. Kd3 Re4 61. c4 Rxe5 62. c5 Rd5+ 63. Kc4 Ke5 64. c6 Kd6 65. c7 Kxc7 66. Rxd5 exd5+ 67. Kxd5 f4 68. Ke4 f3 69. Kxf3 1/2-1/2

[Event "Charlotte CCCSA IM-B"]
[Site "Charlotte"]
[Date "2017.04.01"]
[Round "7"]
[White "Ludwig, John Gabriel"]
[Black "Martin Del Campo C, Roberto Abel"]
[Result "1-0"]
[WhiteElo "2397"]
[BlackElo "2392"]
[PlyCount "99"]
[EventDate "2017.03.29"]
[EventType "tourn"]
[EventRounds "9"]
[EventCountry "USA"]
[EventCategory "3"]
[SourceTitle "CBM 177 Extra"]
[Source "ChessBase"]
[SourceDate "2017.04.27"]
[SourceVersion "1"]
[SourceVersionDate "2017.04.27"]
[SourceQuality "1"]

1. e4 c5 2. Nf3 d6 3. Bb5+ Bd7 4. Bxd7+ Qxd7 5. 0-0 Nc6 6. c3 Nf6 7. Re1 e6 8. d4 cxd4 9. cxd4 d5 10. e5 Ne4 11. Nbd2 Nxd2 12. Bxd2 Be7 13. Rc1 0-0 14. a3 Rfc8 15. Rc3 Bd8 16. h4 Ne7 17. Rd3 Nf5 18. g4 Ne7 19. h5 Rc4 20. h6 g6 21. b3 Rc7 22. Bg5 Rac8 23. Qd2 Qc6 24. Bf6 Qc2 25. Qe3 Qb2 26. a4 Rc1 27. Kg2 Rxe1 28. Nxe1 Qc1 29. Kf1 Kf8 30. Qxc1 Rxc1 31. Ke2 Ba5 32. Bxe7+ Kxe7 33. Nf3 Rh1 34. Ng5 Rh4 35. Rf3 Rxg4 36. Nxh7 Re4+ 37. Kf1 Rh4 38. Ng5 Bd2 39. Rxf7+ Ke8 40. h7 Bxg5 41. Rg7 Bd8 42. Rg8+ Kd7 43. h8Q Rxh8 44. Rxh8 Bb6 45. Rh4 g5 46. Rg4 Bd8 47. Ke2 Kc6 48. Rg1 b5 49. Rc1+ Kb6 50. Rc8 1-0

[Event "Charlotte CCCSA IM-B"]
[Site "Charlotte"]
[Date "2017.04.01"]
[Round "6"]
[White "Wang, Tianqi"]
[Black "Ludwig, John Gabriel"]
[Result "0-1"]
[WhiteElo "2215"]
[BlackElo "2397"]
[PlyCount "148"]
[EventDate "2017.03.29"]
[EventType "tourn"]
[EventRounds "9"]
[EventCountry "USA"]
[EventCategory "3"]
[SourceTitle "CBM 177 Extra"]
[Source "ChessBase"]
[SourceDate "2017.04.27"]
[SourceVersion "1"]
[SourceVersionDate "2017.04.27"]
[SourceQuality "1"]

1. d4 Nf6 2. Bf4 c5 3. e3 e6 4. Nf3 cxd4 5. exd4 Be7 6. Nbd2 0-0 7. h3 b6 8. Bd3 Bb7 9. 0-0 d6 10. Re1 Nbd7 11. Bf1 Re8 12. c3 Bf8 13. a4 a6 14. Bh2 Qc7 15. Nc4 Rac8 16. Nfd2 Qb8 17. Qb3 Bd5 18. Qd1 e5 19. dxe5 dxe5 20. Ne3 Bb7 21. Bc4 g6 22. Qb3 Re7 23. Rad1 Qc7 24. Qa2 Nc5 25. Nb3 Qc6 26. Nxc5 Qxc5 27. Bd5 Rce8 28. Bxb7 Rxb7 29. Nc4 Rd7 30. Rxd7 Nxd7 31. Bg3 Qd5 32. b3 f5 33. Qc2 b5 34. axb5 axb5 35. Ne3 Qf7 36. Rd1 f4 37. Ng4 Bg7 38. Bh4 h5 39. Nh2 e4 40. Qe2 Re5 41. Bd8 Nc5 42. Qxb5 Nxb3 43. Qe2 Rd5 44. Rxd5 Qxd5 45. Bc7 Qd3 46. Qxd3 exd3 47. Kf1 g5 48. Ke1 Bxc3+ 49. Kd1 Nc5 50. Nf3 Ne4 51. Bb6 g4 52. hxg4 hxg4 53. Nh2 g3 54. fxg3 fxg3 55. Nf1 Be5 56. Ne3 Kf7 57. Nc4 Bc3 58. Bc7 Ke6 59. Ne3 Be5 60. Bb6 Bf4 61. Nf1 Kd5 62. Ba5 Kd4 63. Ke1 Kc4 64. Kd1 Kb3 65. Bb6 Nc3+ 66. Ke1 Kc2 67. Ne3+ Bxe3 68. Bxe3 Ne4 69. Bd2 Nd6 70. Bf4 Nf5 71. Bg5 Nh4 72. Kf1 d2 73. Bxd2 Kxd2 74. Kg1 Ke2 0-1

[Event "Charlotte CCCSA IM-B"]
[Site "Charlotte"]
[Date "2017.03.31"]
[Round "4"]
[White "Brodsky, David"]
[Black "Ludwig, John Gabriel"]
[Result "0-1"]
[WhiteElo "2330"]
[BlackElo "2397"]
[PlyCount "88"]
[EventDate "2017.03.29"]
[EventType "tourn"]
[EventRounds "9"]
[EventCountry "USA"]
[EventCategory "3"]
[SourceTitle "CBM 177 Extra"]
[Source "ChessBase"]
[SourceDate "2017.04.27"]
[SourceVersion "1"]
[SourceVersionDate "2017.04.27"]
[SourceQuality "1"]

1. d4 Nf6 2. c4 c5 3. d5 e6 4. Nc3 exd5 5. cxd5 d6 6. e4 g6 7. f4 Bg7 8. Bb5+ Nfd7 9. Nf3 a6 10. Bd3 b5 11. 0-0 0-0 12. Kh1 Nb6 13. a3 Bg4 14. Qe1 Bxf3 15. gxf3 N8d7 16. Qg3 b4 17. Nd1 c4 18. Be2 a5 19. axb4 axb4 20. Rxa8 Qxa8 21. f5 Qa4 22. Ne3 Qb3 23. Qg2 Ne5 24. Ng4 Nxg4 25. fxg4 Qc2 26. Bf4 Be5 27. Bh6 Rb8 28. fxg6 hxg6 29. Qf3 Rb7 30. Be3 Nc8 31. Rc1 Qxb2 32. Rxc4 Ne7 33. Rc1 b3 34. Rf1 f6 35. g5 f5 36. Bg1 Qc3 37. Qxc3 Bxc3 38. Bd3 b2 39. Be3 Rb4 40. Bf4 fxe4 41. Bb1 Nf5 42. Kg2 e3 43. Kf3 Rxf4+ 44. Kxf4 e2 0-1

[Event "Charlotte CCCSA IM-B"]
[Site "Charlotte"]
[Date "2017.03.31"]
[Round "5"]
[White "Ludwig, John Gabriel"]
[Black "Francisco, Richard"]
[Result "1/2-1/2"]
[WhiteElo "2397"]
[BlackElo "2253"]
[PlyCount "73"]
[EventDate "2017.03.29"]
[EventType "tourn"]
[EventRounds "9"]
[EventCountry "USA"]
[EventCategory "3"]
[SourceTitle "CBM 177 Extra"]
[Source "ChessBase"]
[SourceDate "2017.04.27"]
[SourceVersion "1"]
[SourceVersionDate "2017.04.27"]
[SourceQuality "1"]

1. e4 e5 2. Nf3 Nc6 3. Bb5 a6 4. Ba4 Nf6 5. 0-0 Be7 6. d3 b5 7. Bb3 d6 8. a3 0-0 9. Nc3 Be6 10. Nd5 Nd4 11. Nxd4 exd4 12. Nxe7+ Qxe7 13. Bg5 Bxb3 14. cxb3 Qe6 15. f4 Nd7 16. f5 Qe5 17. b4 c5 18. Qd2 f6 19. Bf4 Qe7 20. bxc5 dxc5 21. b4 Rac8 22. Rac1 Ne5 23. bxc5 Rxc5 24. Qa2+ Kh8 25. Rxc5 Qxc5 26. Rc1 Qe7 27. Qb3 h6 28. Bd2 Rd8 29. Ba5 Rg8 30. Bb4 Qb7 31. Bd6 Rc8 32. Rc2 Kh7 33. h3 Qd7 34. Bxe5 fxe5 35. Rxc8 Qxc8 36. Kh2 Qc1 37. Qf7 1/2-1/2

[Event "Charlotte CCCSA IM-B"]
[Site "Charlotte"]
[Date "2017.03.30"]
[Round "3"]
[White "Ludwig, John Gabriel"]
[Black "Kleinman, Michael"]
[Result "1/2-1/2"]
[WhiteElo "2397"]
[BlackElo "2289"]
[PlyCount "81"]
[EventDate "2017.03.29"]
[EventType "tourn"]
[EventRounds "9"]
[EventCountry "USA"]
[EventCategory "3"]
[SourceTitle "CBM 177 Extra"]
[Source "ChessBase"]
[SourceDate "2017.04.27"]
[SourceVersion "1"]
[SourceVersionDate "2017.04.27"]
[SourceQuality "1"]

1. e4 c5 2. Nf3 e6 3. d3 d5 4. Nbd2 Nc6 5. g3 Bd6 6. Bg2 Nge7 7. 0-0 0-0 8. Re1 Qc7 9. Qe2 f6 10. h4 Bd7 11. c3 Be8 12. Bh3 Bf7 13. h5 Kh8 14. h6 gxh6 15. Nf1 h5 16. exd5 exd5 17. Nh4 Bg6 18. Bh6 Rfe8 19. Qf3 Ng8 20. Bf4 d4 21. Bf5 Kg7 22. Bxg6 hxg6 23. Bxd6 Qxd6 24. Qxh5 gxh5 25. Nf5+ Kg6 26. Nxd6 Rxe1 27. Rxe1 Ne5 28. Rd1 b6 29. f4 Nf7 30. Nxf7 Kxf7 31. cxd4 cxd4 32. Rc1 Ne7 33. Nd2 h4 34. gxh4 Rg8+ 35. Kf2 Rg4 36. Nf3 Nf5 37. Rc7+ Kg6 38. Rxa7 Rxf4 39. Ke2 Ng3+ 40. Kf2 Nf5 41. Ke2 1/2-1/2

[Event "North American op 26th"]
[Site "Las Vegas"]
[Date "2016.12.30"]
[Round "9"]
[White "Gurevich, Daniel"]
[Black "Ludwig, John Gabriel"]
[Result "1-0"]
[WhiteElo "2455"]
[BlackElo "2377"]
[PlyCount "137"]
[EventDate "2016.12.26"]
[EventType "swiss"]
[EventRounds "9"]
[EventCountry "USA"]
[SourceTitle "CBM 176 Extra"]
[Source "ChessBase"]
[SourceDate "2017.03.02"]
[SourceVersion "1"]
[SourceVersionDate "2017.03.02"]
[SourceQuality "1"]

1. c4 c5 2. Nf3 g6 3. d4 Bg7 4. e4 d6 5. Nc3 Bg4 6. d5 Nf6 7. Be2 Bxf3 8. Bxf3 0-0 9. 0-0 Na6 10. Be3 Nd7 11. Qd2 Nc7 12. Be2 e6 13. dxe6 Nxe6 14. Rad1 Nd4 15. Nb5 Qe7 16. Nxd4 cxd4 17. Bxd4 Qxe4 18. Bxg7 Kxg7 19. b3 Ne5 20. f4 Nc6 21. Bf3 Qf5 22. Bxc6 bxc6 23. Qxd6 Rae8 24. Qd4+ Kg8 25. Rfe1 c5 26. Qf2 Rxe1+ 27. Rxe1 Rd8 28. h3 Rd4 29. Re5 Qf6 30. Rxc5 Rxf4 31. Qe3 Rd4 32. Qe5 Qd8 33. Kh2 Rd7 34. Rd5 h5 35. Rxd7 Qxd7 36. c5 Qb5 37. Qc7 a5 38. c6 Qc5 39. a3 Kg7 40. b4 axb4 41. axb4 Qxb4 42. Qe5+ Kh7 43. c7 Qc4 44. Qd6 Kg7 45. Kg3 Qc3+ 46. Kf4 Qc4+ 47. Ke5 Qe2+ 48. Kd4 Qd2+ 49. Kc5 Qa5+ 50. Kc6 Qa6+ 51. Kd7 Qb5+ 52. Qc6 Qf5+ 53. Kd8 Qg5+ 54. Kc8 Qf5+ 55. Kb7 Qb1+ 56. Ka7 Qa1+ 57. Kb6 Qb2+ 58. Qb5 Qf2+ 59. Qc5 Qb2+ 60. Ka7 Qa2+ 61. Kb8 Qb2+ 62. Kc8 Qxg2 63. Qd4+ Kh7 64. Kd7 Qxh3+ 65. Kd8 Qf5 66. c8Q Qa5+ 67. Qc7 Qa8+ 68. Ke7 Qg8 69. Qf6 1-0

[Event "North American op 26th"]
[Site "Las Vegas"]
[Date "2016.12.29"]
[Round "8"]
[White "Ludwig, John Gabriel"]
[Black "Chen, Peng"]
[Result "1-0"]
[WhiteElo "2377"]
[BlackElo "2297"]
[PlyCount "147"]
[EventDate "2016.12.26"]
[EventType "swiss"]
[EventRounds "9"]
[EventCountry "USA"]
[SourceTitle "CBM 176 Extra"]
[Source "ChessBase"]
[SourceDate "2017.03.02"]
[SourceVersion "1"]
[SourceVersionDate "2017.03.02"]
[SourceQuality "1"]

1. e4 c5 2. Nf3 d6 3. Bb5+ Bd7 4. Bxd7+ Qxd7 5. c4 Nf6 6. Nc3 g6 7. 0-0 Bg7 8. d4 cxd4 9. Nxd4 0-0 10. Be3 Nc6 11. h3 Nxd4 12. Bxd4 Qc6 13. Qd3 Rfe8 14. b3 a6 15. Rac1 Rac8 16. Rfd1 Nd7 17. Bxg7 Kxg7 18. f4 Kg8 19. Kh1 Nf6 20. Qe3 Qc5 21. Qe2 b5 22. cxb5 Nh5 23. Qd3 axb5 24. Nd5 Qxc1 25. Rxc1 Rxc1+ 26. Kh2 Rc5 27. b4 Rc4 28. a4 Nf6 29. Nb6 Rxb4 30. a5 Rxe4 31. a6 Rxf4 32. a7 Rf5 33. Qa3 Rc5 34. a8Q Rxa8 35. Qxa8+ Kg7 36. Qd8 Re5 37. Nc8 Nd5 38. Qd7 b4 39. Qb5 Kf8 40. Na7 Nf6 41. Qxb4 Nd5 42. Qd4 Nf6 43. Nc6 Re4 44. Qa7 h5 45. Qa8+ Kg7 46. Qd8 Nd5 47. Nb8 Nf6 48. Nc6 Nd5 49. Qa5 Nf6 50. Qc3 Kf8 51. Qb3 Kg7 52. Nd8 d5 53. Nc6 Re6 54. Qb7 Rxc6 55. Qxc6 g5 56. Qc7 e6 57. Qe7 h4 58. Kg1 Ne4 59. Kf1 Kg6 60. Qf8 Nf6 61. Ke2 Ne4 62. Ke3 Ng3 63. Kd4 f6 64. Kc5 Kf5 65. Kd6 Ne4+ 66. Kd7 e5 67. Qg8 d4 68. Qe6+ Kg6 69. Ke7 d3 70. Qd5 Ng3 71. Qxd3+ e4 72. Qd5 e3 73. Qd3+ Kg7 74. Qc3 1-0

[Event "North American op 26th"]
[Site "Las Vegas"]
[Date "2016.12.29"]
[Round "7"]
[White "Ludwig, John Gabriel"]
[Black "Li, Ben"]
[Result "1-0"]
[WhiteElo "2377"]
[BlackElo "2237"]
[PlyCount "63"]
[EventDate "2016.12.26"]
[EventType "swiss"]
[EventRounds "9"]
[EventCountry "USA"]
[SourceTitle "CBM 176 Extra"]
[Source "ChessBase"]
[SourceDate "2017.03.02"]
[SourceVersion "1"]
[SourceVersionDate "2017.03.02"]
[SourceQuality "1"]

1. e4 e5 2. Nf3 Nc6 3. Bb5 a6 4. Ba4 d6 5. Bxc6+ bxc6 6. d4 f6 7. Be3 Ne7 8. Nc3 Ng6 9. Qe2 Be7 10. 0-0-0 Be6 11. h4 h5 12. dxe5 fxe5 13. Ng5 Qc8 14. g3 Bf6 15. Qd3 Bg4 16. f3 Bd7 17. f4 Rb8 18. f5 Ne7 19. b3 a5 20. Rhg1 Rb4 21. a3 Rb8 22. Qc4 Rf8 23. Nh7 Rh8 24. Nxf6+ gxf6 25. g4 a4 26. g5 d5 27. Qc5 Ng8 28. gxf6 Qd8 29. Bg5 Kf7 30. exd5 Bxf5 31. dxc6 Qe8 32. Nxa4 1-0

[Event "North American op 26th"]
[Site "Las Vegas"]
[Date "2016.12.28"]
[Round "6"]
[White "Li, Ruifeng"]
[Black "Ludwig, John Gabriel"]
[Result "1-0"]
[WhiteElo "2557"]
[BlackElo "2377"]
[PlyCount "89"]
[EventDate "2016.12.26"]
[EventType "swiss"]
[EventRounds "9"]
[EventCountry "USA"]
[SourceTitle "CBM 176 Extra"]
[Source "ChessBase"]
[SourceDate "2017.03.02"]
[SourceVersion "1"]
[SourceVersionDate "2017.03.02"]
[SourceQuality "1"]

1. b3 e5 2. Bb2 Nc6 3. e3 Nf6 4. h3 d5 5. Bb5 Bd6 6. Nf3 Qe7 7. d4 exd4 8. Qxd4 0-0 9. Bxc6 bxc6 10. Nbd2 Bf5 11. 0-0-0 Ba3 12. Qe5 Be6 13. Nd4 Bxb2+ 14. Kxb2 Qd7 15. f4 c5 16. N4f3 Rfe8 17. Qc3 Qe7 18. g4 c4 19. bxc4 Qc5 20. Ka1 dxc4 21. e4 Rad8 22. f5 Bc8 23. e5 Nd5 24. Qxc4 Qxc4 25. Nxc4 Ba6 26. Ncd2 Ne3 27. Rc1 Nc4 28. Nxc4 Bxc4 29. Rhe1 Bd5 30. Ng1 Bc6 31. Re3 Rd5 32. Nf3 Ra5 33. Nd4 Bd5 34. c4 Bb7 35. Nb5 Bc6 36. Nd4 Bb7 37. e6 fxe6 38. Rxe6 Rd8 39. Nb3 Ra6 40. Re7 Bg2 41. Nc5 Ra5 42. Rxc7 Rd2 43. a4 Bxh3 44. Rb1 h5 45. f6 1-0

[Event "North American op 26th"]
[Site "Las Vegas"]
[Date "2016.12.26"]
[Round "1"]
[White "Ke, Ivan"]
[Black "Ludwig, John Gabriel"]
[Result "0-1"]
[WhiteElo "2240"]
[BlackElo "2377"]
[PlyCount "72"]
[EventDate "2016.12.26"]
[EventType "swiss"]
[EventRounds "9"]
[EventCountry "USA"]
[SourceTitle "CBM 176 Extra"]
[Source "ChessBase"]
[SourceDate "2017.03.02"]
[SourceVersion "1"]
[SourceVersionDate "2017.03.02"]
[SourceQuality "1"]

1. d4 Nf6 2. c4 c5 3. d5 e6 4. Nc3 exd5 5. cxd5 d6 6. e4 g6 7. Bd3 Bg7 8. Nge2 0-0 9. 0-0 Nbd7 10. Bc2 a6 11. a4 Re8 12. f4 Rb8 13. a5 b5 14. axb6 Rxb6 15. Ng3 Qc7 16. Qf3 c4 17. Ra4 a5 18. Qe2 Rb4 19. Be3 Rxb2 20. Rxc4 Qb8 21. Rc6 Bb7 22. Na4 Rb4 23. Rc3 Bxd5 24. exd5 Nxd5 25. Rd3 Nxe3 26. Rxe3 Rxe3 27. Qd2 Ra3 28. f5 Rbxa4 29. Bxa4 Rxa4 30. fxg6 hxg6 31. Qd5 Ne5 32. Kh1 Rb4 33. Qxa5 Rb1 34. h3 Rxf1+ 35. Nxf1 Nc6 36. Qe1 d5 0-1